00242nam a22000977a 4500008004100000082002000041245004000061260001400101300000900115440002000124230704b xxu||||| |||| 00| 0 eng d a362.1bWHO 2004 aBulletinbWorld Health Organization bWHOc2004 a718p n9v82x02512432